00444nam a2200085Ia 4500008004100000245014300041260000900184300014400193650002100337180130s9999 xx 000 0 und d cBrink, Johan; McKelvey, MaureenaFinancing and privatizing a visionary research endeavour in proteonomics: the case of ProSci in Australia c2013 aBook title: How entrepreneurs do what they do : case studies in knowledge intensive entrepreneurship--Acession number C17365; pages 173-188 aENTREPRENEURSHIP